| 000 | 00615nam a2200193Ia 4500 | ||
|---|---|---|---|
| 003 | IN-BaIIA | ||
| 008 | 211028s9999 xx 000 0 eng d | ||
| 040 | _cIIA Library | ||
| 080 |
_a524-48 _bTHE |
||
| 100 |
_aWood, John A _97189 |
||
| 245 | 4 |
_athe cosmic history of the biogenic elements and compounds _cJohn A Wood and Sherwood Chang |
|
| 260 |
_aWashington _bNational Aeronautics and Space Administration _c1985 |
||
| 300 | _aviii, 80p. | ||
| 650 | _aAstronomy and Astrophysics thesaurus | ||
| 650 |
_aCosmochemistry _91212 |
||
| 650 | _aNucleosynthesis | ||
| 700 |
_aChang, Sherwood _914691 |
||
| 942 | _cBK | ||
| 999 |
_c8744 _d8744 |
||